Carpenters Songs - Sudden Death - Statistics

General Stats
  • This quiz has been taken 72 times
  • The average score is 13 of 19
Answers on the Grid
Answers color-coded by a green-red scale on the quiz's grid according to % correct below.
This Masquerade
Only Yesterday
Sunny Days And Sundays
MacArthur Park
Disco Queen
Calling Occupants Of Interplanetary Craft
We've Only Just Begun
If You Can't Give Me Love
Tryin' To Get The Feeling Again
There's A Kind Of Hush
Please Mr Postman
Copacabana
Solitaire
Gloria
For All We Know
Rainy Days And Mondays
Top Of The World
(They Long To Be) Close To You
My Coo Ca Choo
People Like You People Like Me
Goodbye To Love
I Won't Last A Day Without You
Dr Kiss Kiss
Merry Christmas Darling
For Tomorrow
Superstar
Jambalaya
Hello To Hate
Sweet Sweet Smile
Yesterday Once More
 
Answer Stats
Answer % Correct
We've Only Just Begun
89%
Only Yesterday
85%
(They Long To Be) Close To You
85%
Rainy Days And Mondays
83%
Top Of The World
83%
Please Mr Postman
80%
Yesterday Once More
78%
Goodbye To Love
76%
Superstar
74%
I Won't Last A Day Without You
72%
Solitaire
67%
For All We Know
61%
There's A Kind Of Hush
61%
Calling Occupants Of Interplanetary Craft
57%
Merry Christmas Darling
57%
This Masquerade
54%
Jambalaya
50%
Sweet Sweet Smile
37%
Tryin' To Get The Feeling Again
24%
No matching quizzes found
Score Distribution
Percent of People with Each Score
Percentile by Number Answered
Your Score History
You have not taken this quiz